| 000 -LEADER |
| fixed length control field |
01203cam a2200373 a 4500 |
| 001 - CONTROL NUMBER |
| control field |
019527915 |
| 003 - CONTROL NUMBER IDENTIFIER |
| control field |
UkOxU |
| 005 - DATE AND TIME OF LATEST TRANSACTION |
| control field |
20191205105207.0 |
| 008 - FIXED-LENGTH DATA ELEMENTS--GENERAL INFORMATION |
| fixed length control field |
130131s2011 enkab d 000 1 eng |
| 020 ## - INTERNATIONAL STANDARD BOOK NUMBER |
| International Standard Book Number |
9781407130231 |
| 035 ## - SYSTEM CONTROL NUMBER |
| System control number |
(OCoLC)ocn777713914 |
| 035 ## - SYSTEM CONTROL NUMBER |
| System control number |
(OCoLC)777713914 |
| 035 ## - SYSTEM CONTROL NUMBER |
| System control number |
(StEdU)2069716 |
| 035 ## - SYSTEM CONTROL NUMBER |
| System control number |
(UkLCURL)022069716 |
| 038 ## - RECORD CONTENT LICENSOR |
| Record content licensor |
OCoLC |
| 040 ## - CATALOGING SOURCE |
| Original cataloging agency |
AU@ |
| Language of cataloging |
eng |
| Transcribing agency |
AU@ |
| Modifying agency |
UkOxU |
| 082 ## - DEWEY DECIMAL CLASSIFICATION NUMBER |
| Classification number |
FIC PUL |
| 100 1# - MAIN ENTRY--PERSONAL NAME |
| Personal name |
Pullman, Philip, |
| Dates associated with a name |
1946- |
| Relator term |
author |
| 245 14 - TITLE STATEMENT |
| Title |
The subtle knife / |
| Statement of responsibility, etc. |
Philip Pullman. |
| 260 ## - PUBLICATION, DISTRIBUTION, ETC. |
| Place of publication, distribution, etc. |
London : |
| Name of publisher, distributor, etc. |
Scholastic, |
| Date of publication, distribution, etc. |
2011 |
| 300 ## - PHYSICAL DESCRIPTION |
| Extent |
325 p. |
| Other physical details |
map ; |
| Dimensions |
20 cm. |
| 490 1# - SERIES STATEMENT |
| Series statement |
His dark materials ; |
| Volume/sequential designation |
2 |
| 500 ## - GENERAL NOTE |
| General note |
First published: London : Scholastic, 1997. |
| 650 #0 - SUBJECT ADDED ENTRY--TOPICAL TERM |
| Topical term or geographic name entry element |
Belacqua, Lyra (Fictitious character) |
| Form subdivision |
Juvenile fiction. |
| 650 #0 - SUBJECT ADDED ENTRY--TOPICAL TERM |
| Topical term or geographic name entry element |
Parry, Will (Fictitious character) |
| Form subdivision |
Juvenile fiction. |
| 650 #0 - SUBJECT ADDED ENTRY--TOPICAL TERM |
| Topical term or geographic name entry element |
Fantasy |
| Form subdivision |
Juvenile fiction. |
| 830 #0 - SERIES ADDED ENTRY--UNIFORM TITLE |
| Uniform title |
His dark materials ; |
| Volume/sequential designation |
2. |
| 942 ## - ADDED ENTRY ELEMENTS (KOHA) |
| Source of classification or shelving scheme |
|
| Koha item type |
Books - Fiction |